000 00339nam a2200145Ia 4500
999 _c14329
_d14329
003 OSt
005 20260218172704.0
008 260210s9999 xx 000 0 und d
020 _a9780727741417
100 _aLennon Tom
245 0 _aStructural Fire Engineering
260 _bICE Publishing
_aLondon
300 _a179p;
942 _cUG
_2ddc